000 00668nam a2200205Ia 4500
003 GCL
005 20240530101902.0
008 140319s9999 xx 000 0 ara d
040 _aGCL /
_cGCL
082 0 4 _a362.29
_bع م
100 1 _aعبدالله عمر خياط
245 1 2 _aالمدمن انا : رحلة فى عالم المخدرات وعصابات المهربين /
_cعبدالله عمر خياط
260 _a[S.N] :
_bوكالة الاهرام للتوزيع ،
_c1989
300 _a303 ص
650 0 4 _aالمخدرات والشباب
650 0 4 _aالمخدرات
650 0 4 _aالايدز
650 0 4 _aالادمان
942 _2ddc
_cBK
999 _c28453
_d28453